Tabla de contenidos: número 41, 1990
Saved in:
| Format: | Text |
|---|---|
| Language: | Spanish |
| Tags: |
Add Tag
No Tags, Be the first to tag this record!
|
MARC
| LEADER | 00000 a a2200000 04500 | ||
|---|---|---|---|
| 003 | cru IIS | ||
| 005 | 20220210151015.0 | ||
| 008 | 220210b |||||||| |||| 00| 0 spa d | ||
| 040 | |c cru IIS | ||
| 245 | |a Tabla de contenidos: |b número 41, 1990 | ||
| 505 | |a Contenido: 1.Gobierno nicaragüense enfrenta división interna. -- 2.Se reactiva debate sobre matanza de jesuitas: cuestionado sistema judicial salvadoreño, acusaciones entre militares. -- 3.Elecciones en Guatemala: derecha en primera línea. -- 4.Honduras: Callejas sortea presiones internas contra "ajuste económico". -- 5.Costa Rica: nuevo presidente reitera promesas de justicia social | ||
| 773 | 0 | |0 42570 |9 6320 |a Universidad de Costa Rica |d San José, Costa Rica CSUCA-PAX; Universidad de Costa Rica, 1988- |o 21703 |t Centroamérica Hoy/ | |
| 942 | |2 ddc |c PP | ||
| 999 | |c 44090 |d 44090 | ||
